000 00759nam a2200217 i 4500
001 187992
003 ES-MaACL
005 20230906223057.0
007 t|
008 180406s1913 xxk ||||1| eng d
100 0 _aWood, P. W.
_9117314
245 1 4 _aThe twisted cubic
_b: with some account of the metrical properties of the cubical hyperbola /
_cby P. W. Wood.
260 _aLondon :
_bCambridge University Press, 1913.
300 _aX, 78 p. :
_bil. ;
_c22 cm.
490 1 _aCambridge tracts in mathematics and mathematical physics ;
_v14
504 _aBibliografía p. [73]
650 4 _aCurvas.
_9163425
830 0 _aCambridge tracts in mathematics and mathematical physics ;
_v14
_9192958
852 _aES-MaACL
_jC-8154
999 _c187992
_d187992